000
00253nam a2200097Ia 4500
008
230907s9999||||xx |||||||||||||| ||und||
082
_a
620.11292
_b
PRO
245
0
_a
Properties and characterization of modern materials /
300
_a
452 p.
942
_c
BK
999
_c
599282
_d
599282